| 000 | 02294cam a22005174i 4500 | ||
|---|---|---|---|
| 003 | PE-LiUPU | ||
| 005 | 20250731172831.0 | ||
| 008 | 1500820s2000 sp rb 000 0 spa d | ||
| 020 | _a9788481691740 | ||
| 035 | _a(Sirsi) i9788481691740 | ||
| 040 |
_aPE-LiUPU _bspa _dPE-LiUPU _erda |
||
| 049 | _aPRUA | ||
| 082 | 0 | 4 |
_a222.15 _bG71 |
| 100 | 1 |
_aGonzáles Lamadrid, A., _eautor. |
|
| 245 | 1 | 0 |
_aHistoria, narrativa, apocalíptica / _cA. Gonzáles Lamadrid [y otros tres] ; editor J.M. Sánchez Caro. |
| 264 | 1 |
_aEstella (Navarra) : _bVerbo Divino, _c2000. |
|
| 300 |
_a478 páginas ; _c25 centímetros. |
||
| 336 |
_atext _2rdacontent |
||
| 337 |
_aunmediated _2rdamedia |
||
| 338 |
_avolume _2rdacarrier |
||
| 490 | 0 |
_aIntroducción al estudio de la Biblia _v3b |
|
| 504 | _aIncluye bibliografía. | ||
| 505 | 0 | _aHistoria deuteronomista y deuteronomio -- Los libros de Josué y de los Jueces -- Los libros de Samuel -- Los libros de los Reyes -- Diemensión teológica y socio-histórica -- Los libros de Esdras y Nehemías -- Los libros de los Macabeos -- El libro de Rut -- El libro de Tobías -- El libro de Judit -- El libro de Ester -- El libro de Daniel -- La apocalíptica. | |
| 526 | _aSEG42 | ||
| 526 | _aSEG41 | ||
| 526 | _aSEG40 | ||
| 526 | _aSEG39 | ||
| 526 | _aP94 | ||
| 526 | _aP87 | ||
| 526 | _aP86 | ||
| 526 | _aP85 | ||
| 526 | _aP77 | ||
| 526 | _aP76 | ||
| 526 | _aP35 | ||
| 630 | 4 |
_aBiblia. _pA.T.. _pDeuteronomio _xIntroducciones. |
|
| 630 | 4 |
_aBiblia. _pA.T.. _pLibros históricos _xIntroducciones. |
|
| 630 | 4 |
_aBiblia. _pA.T.. _xCrítica, interpretación, etc. |
|
| 700 | 1 |
_aSánchez Caro, J.M., _eeditor. |
|
| 910 |
_aaas _bjck _caas _d20150820 |
||
| 942 |
_2ddc _cBOOK |
||
| 949 |
_aPGT 222.15 G71 _wDEWEY _c1 _i71742 _lCCODEBUL1 _mBUL _p44.72 _r0 _sY _tBOOK _u2015-8-20 _xTEOLOGIA _PP85 _0COMPRA _o.CIRCNOTE. No olvidar cambiar la fecha de devolución!!!!!!! _o.STAFF. Posgrado |
||
| 994 |
_aC0 _bPEPRU |
||
| 596 | _a1 | ||
| 999 |
_aPGT 222.15 G71 _wDEWEY _c6792 _i71742 _d6792 _e2018-11-13 _f2021-11-9 _g5 _lCCODEBUL1 _mBUL _n3 _p44.72 _q6 _r0 _sY _tBOOK _u2015-8-20 _xTEOLOGIA _PP85 _0COMPRA _o.CIRCNOTE. No olvidar cambiar la fecha de devolución!!!!!!! _o.STAFF. Posgrado |
||
| 980 |
_81 _gALBERTO SANCHEZ Responsable de Automatización |
||